Riconosci l'Anno dagli eventi - Quiz n°99 - Statistics

Statistiche generali
  • Questo quiz è stato fatto 9 volte
  • Il punteggio medio è 11 su 15
Statistiche sulle risposte
Indizio Risposta % Corretto
D Cambridge: ultimata la costruzione della cappella del King's College.
100%
F Cuba: Il conquistador spagnolo Diego Velázquez de Cuéllar fonda L'Avana.
100%
A Francesco I di Valois-Angoulême sale al trono di Francia dopo che Luigi XII era morto senza eredi maschi.
100%
B Martin Lutero inizia a Wittenberg le lezioni sull'Epistola ai Romani.
100%
C Michelangelo Buonarroti realizza per la tomba di papa Giulio II lo Schiavo morente e lo Schiavo ribelle, due statue oggi conservate al Museo del Louvre.
100%
E Lipsia: Johannes Reuchlin istituisce la prima cattedra universitaria di greco in Germania.
86%
G Baghdad: completata la costruzione della Moschea di Kazimayn, uno dei più importanti luoghi di culto sciiti.
71%
H I portoghesi distruggono la città di Anfa, che sorgeva nello stesso luogo in cui verrà fondata 60 anni più tardi Casablanca.
71%
I L'esploratore Juan Ponce de León viene inviato alla conquista delle Guadalupe, ma la missione fallisce.
71%
M 13 – 14 settembre – la Battaglia di Marignano (oggi Melegnano, Milano) vede gli Svizzeri sconfitti dai Francesi e dai Veneziani: perdono la vita ben 18 000 uomini.
57%
N 13 ottobre – Viterbo: papa Leone X cede Parma e Piacenza al re di Francia Francesco I.
57%
Anno 1515
57%
O 20 novembre: papa Leone X in visita a Firenze.
57%
L 5 gennaio – Bruxelles: Carlo V proclamato Duca di Borgogna.
57%
P La Svizzera riunita in una confederazione di tredici cantoni si dichiara ufficialmente terra neutrale.
57%
Nessun quiz corrispondente trovato
Distribuzione punteggi
Percentuale di utenti per punteggio
Percentile per numero di risposta
I tuoi punteggi nel tempo
Non hai fatto questo quiz